Подробности
| 000 -МАРКЕР |
| контрольное поле |
03324nam0a2200517 4500 |
| 001 - ИДЕНТИФИКАТОР ЗАПИСИ |
| контрольное поле |
RU\NLR\bibl\307146 |
| 005 - ИДЕНТИФИКАТОР ВЕРСИИ |
| контрольное поле |
20260407080132.0 |
| 010 ## - МЕЖДУНАРОДНЫЙ СТАНДАРТНЫЙ НОМЕР КНИГИ (ISBN) |
| Номер (ISBN) |
5-7410-0260-9 |
| Тираж |
100 |
| 021 ## - НОМЕР ГОСУДАРСТВЕННОЙ РЕГИСТРАЦИИ |
| Код страны |
Российская Федерация |
| Номер |
2002-25148 |
| Номер Листа государственной регистраци |
1259 |
| 035 ## - ДРУГИЕ СИСТЕМНЫЕ НОМЕРА |
| Идентификатор записи |
(NLR Aleph) 000302294 |
| 100 ## - ДАННЫЕ ОБЩЕЙ ОБРАБОТКИ |
| Данные общей обработки |
20020916d2001 |||y0rusy50 ca |
| 101 0# - ЯЗЫК РЕСУРСА |
| Язык текста, звукозаписи и т.д. |
русский |
| 102 ## - СТРАНА ПУБЛИКАЦИИ ИЛИ ПРОИЗВОДСТВА |
| Страна публикации |
Российская Федерация |
| 105 ## - ПОЛЕ КОДИРОВАННЫХ ДАННЫХ: ТЕКСТОВЫЕ МАТЕРИАЛЫ, МОНОГРАФИЧЕСКИЕ |
| Кодированные данные о монографическом текстовом документе |
y ||||||||| |
| 200 1# - ЗАГЛАВИЕ И СВЕДЕНИЯ ОБ ОТВЕТСТВЕННОСТИ |
| Основное заглавие |
Подходы к профилактике наркомании и СПИД в приграничных территориях |
| Сведения, относящиеся к заглавию |
Сб. материалов межрегион. науч.-практ. конф., 24-25 окт. 2001 г. |
| Первые сведения об ответственности |
[Ред. совет: С. И. Журавлев и др.] |
| 210 ## - ПУБЛИКАЦИЯ, РАСПРОСТРАНЕНИЕ И ДР. |
| Место издания, распространения и т.д. |
Оренбург |
| Имя издателя, распространителя и т. д. |
Обл. социал.-психол. служба молодежи |
| Дата издания, распространения и т.д. |
2001 |
| 215 ## - ФИЗИЧЕСКАЯ ХАРАКТЕРИСТИКА |
| Специфическое обозначение материала и объем |
130 с. |
| Размеры |
20 |
| 300 ## - ОБЩИЕ ПРИМЕЧАНИЯ |
| Текст примечания |
На обл. в надзаг.: Деп. по молодеж. политике М-ва образования Рос. Федерации, Ком. Администрации Оренб. обл. по делам молодежи, Гос. учреждение "Обл. социал.-психол. служба молодежи" |
| 320 ## - ПРИМЕЧАНИЯ О НАЛИЧИИ В ДОКУМЕНТЕ БИБЛИОГРАФИИ / УКАЗАТЕЛЯ |
| Текст примечания |
Библиогр. в конце докл. |
| 606 0# - НАИМЕНОВАНИЕ ТЕМЫ КАК ПРЕДМЕТ |
| Наименование темы |
Наркомания |
| Формальный подзаголовок |
Съезды, совещания и т.п. |
| Тематический подзаголовок |
Профилактика |
| Системный номер авторитетной/нормативной записи |
1735203 |
| Идентификатор авторитетной/нормативной записи |
RU\NLR\auth\66775929 |
| 606 0# - НАИМЕНОВАНИЕ ТЕМЫ КАК ПРЕДМЕТ |
| Наименование темы |
СПИД |
| Формальный подзаголовок |
Съезды, совещания и т.п. |
| Тематический подзаголовок |
Профилактика |
| Системный номер авторитетной/нормативной записи |
1684085 |
| Идентификатор авторитетной/нормативной записи |
RU\NLR\auth\661046649 |
| 606 0# - НАИМЕНОВАНИЕ ТЕМЫ КАК ПРЕДМЕТ |
| Наименование темы |
Наркотические средства |
| Формальный подзаголовок |
Съезды, совещания и т.п. |
| Тематический подзаголовок |
Незаконный оборот |
| -- |
Борьба с ним |
| -- |
Международно-правовые вопросы |
| Системный номер авторитетной/нормативной записи |
2188812 |
| Идентификатор авторитетной/нормативной записи |
RU\NLR\auth\661315870 |
| 606 0# - НАИМЕНОВАНИЕ ТЕМЫ КАК ПРЕДМЕТ |
| Наименование темы |
Наркотические средства |
| Формальный подзаголовок |
Съезды, совещания и т.п. |
| Тематический подзаголовок |
Незаконный оборот |
| -- |
Борьба с ним |
| Географический подзаголовок |
Российская Федерация |
| Системный номер авторитетной/нормативной записи |
2167071 |
| Идентификатор авторитетной/нормативной записи |
RU\NLR\auth\661303822 |
| 610 0# - НЕКОНТРОЛИРУЕМЫЕ ПРЕДМЕТНЫЕ ТЕРМИНЫ |
| Предметный термин |
Наркомании |
| 610 0# - НЕКОНТРОЛИРУЕМЫЕ ПРЕДМЕТНЫЕ ТЕРМИНЫ |
| Предметный термин |
СПИД |
| 610 0# - НЕКОНТРОЛИРУЕМЫЕ ПРЕДМЕТНЫЕ ТЕРМИНЫ |
| Предметный термин |
Наркотические средства - Оборот незаконный - Предупреждение |
| 675 ## - УНИВЕРСАЛЬНАЯ ДЕСЯТИЧНАЯ КЛАССИФИКАЦИЯ (UDC/УДК) |
| Индекс |
[616.9 |
| Издание |
3 |
| Язык издания |
rus |
| 675 ## - УНИВЕРСАЛЬНАЯ ДЕСЯТИЧНАЯ КЛАССИФИКАЦИЯ (UDC/УДК) |
| Индекс |
343.57](082) |
| Издание |
3 |
| Язык издания |
rus |
| 686 ## - ИНДЕКСЫ ДРУГИХ КЛАССИФИКАЦИЙ |
| Индекс |
76.29 |
| Код системы |
|
| 686 ## - ИНДЕКСЫ ДРУГИХ КЛАССИФИКАЦИЙ |
| Индекс |
56.14 |
| Код системы |
|
| 686 ## - ИНДЕКСЫ ДРУГИХ КЛАССИФИКАЦИЙ |
| Индекс |
Р11(2)286.18я431 |
| 686 ## - ИНДЕКСЫ ДРУГИХ КЛАССИФИКАЦИЙ |
| Индекс |
Р194.87я431(2) |
| 686 ## - ИНДЕКСЫ ДРУГИХ КЛАССИФИКАЦИЙ |
| Индекс |
Х916.8я431 |
| 686 ## - ИНДЕКСЫ ДРУГИХ КЛАССИФИКАЦИЙ |
| Индекс |
Х628.322.203.0я431 |
| 702 #1 - ИМЯ ЛИЦА - ВТОРИЧНАЯ ОТВЕТСТВЕННОСТЬ |
| Код отношения |
Редактор |
| Материалы, к которым относится поле |
rus |
| Графика поля |
Кириллица |
| Начальный элемент ввода |
Журавлев |
| Часть имени, кроме начального элемента ввода |
С. И. |
| Дополнения к именам, кроме дат |
социолог |
| Расширение инициалов личного имени |
Сергей Иванович |
| Идентификатор авторитетной/нормативной записи |
RU\NLR\auth\7729042 |
| Системный номер авторитетной/нормативной записи |
12071 |
| 711 12 - НАИМЕНОВАНИЕ ОРГАНИЗАЦИИ - АЛЬТЕРНАТИВНАЯ ОТВЕТСТВЕННОСТЬ |
| Начальный элемент ввода |
"Подходы к профилактике наркомании и СПИД в приграничных территориях", межрегиональная научно-практическая конференция |
| Дата проведения временной организации |
2001 |
| Место проведения временной организации |
Оренбург |
| Идентификатор авторитетной/нормативной записи |
RU\NLR\AUTH\8810040447 |
| Системный номер авторитетной/нормативной записи |
579994 |
| 712 01 - НАИМЕНОВАНИЕ ОРГАНИЗАЦИИ - ВТОРИЧНАЯ ОТВЕТСТВЕННОСТЬ |
| Код отношения |
Прочие |
| Начальный элемент ввода |
Российская Федерация |
| Структурное подразделение |
Министерство образования |
| -- |
Департамент по молодежной политике |
| Идентификатор авторитетной/нормативной записи |
RU\NLR\AUTH\8810034662 |
| Системный номер авторитетной/нормативной записи |
567624 |
| 801 #0 - ИСТОЧНИК ЗАПИСИ |
| Страна |
Российская Федерация |
| Организация |
RKP |
| Дата составления |
20020916 |
| Правила каталогизации |
PSBO |
| 801 #1 - ИСТОЧНИК ЗАПИСИ |
| Страна |
Российская Федерация |
| Организация |
RKP |
| Дата составления |
20020916 |
| 801 #2 - ИСТОЧНИК ЗАПИСИ |
| Страна |
Российская Федерация |
| Организация |
NLR |
| Дата составления |
20051010 |
| Правила каталогизации |
rcr |
| 942 ## - ДОПОЛНИТЕЛЬНЫЕ ЭЛЕМЕНТЫ ЗАПИСИ (АБИС) |
| Тип экземпляра АБИС |
Книга |
| 980 ## - КОЛЛЕКЦИЯ |
| Название коллекции |
Национальная библиография |